HUMBLE. - Kendrick Lamar (All Lyrics) - Statistics

General Stats
  • This quiz has been taken 430 times
  • The average score is 200 of 385
Answer Stats
Lyric % Correct
a
93%
I
92%
be
89%
Be
89%
do
84%
down
81%
humble
81%
sit
81%
Sit
81%
C
80%
me
80%
and
77%
remember
74%
for
72%
all
71%
It
71%
it
71%
the
70%
so
68%
you
67%
my
66%
My
66%
Nobody
65%
sandwiches
65%
pray
64%
we
63%
that
62%
syrup
61%
to
61%
Yeah
61%
yeah
61%
this
60%
This
60%
on
58%
allowances
57%
day
57%
Ay
56%
ay
56%
I'm
56%
in
56%
with
55%
like
53%
some
53%
not
52%
been
51%
crime
51%
Who
49%
just
48%
Way
47%
way
47%
Finesse
46%
Right
46%
right
46%
stroke
46%
viral
46%
now
44%
up
44%
went
44%
your
44%
left
43%
A.m.
42%
a.m.
42%
baby
42%
know
42%
spiral
42%
countin’
41%
he
41%
ass
40%
but
40%
lil'
40%
taste
40%
high
39%
of
39%
get
38%
Get
38%
keep
38%
put
38%
note
36%
too
36%
Photoshop
35%
Soprano
35%
p.m.
34%
Show
34%
counterfeits
33%
funk
33%
levels
33%
Girl
32%
marks
32%
then
32%
tired
32%
won't
32%
let
31%
sick
31%
stretch
31%
good
30%
somethin'
30%
natural
29%
can
28%
If
28%
Oh
28%
play
28%
It's
26%
life
26%
AC
25%
ain't
25%
boo
25%
crazy
25%
extras
25%
off
25%
where
25%
world
25%
buy
24%
Kool-Aid
24%
still
24%
Still'll
24%
whole
24%
Man
23%
Man?
23%
Tetris
23%
greatest
22%
make
22%
Parmesan
22%
amaze
21%
bloods?
21%
Pull
21%
stage
21%
afro
20%
alcohol
20%
bae
20%
'em
20%
gotta
20%
playin'
20%
analysts
19%
downin'
19%
hate
19%
paystub
19%
petty
19%
she
19%
accountant
18%
fact
18%
Sandman
18%
after
17%
block
17%
diem
17%
don't
17%
Mercedes
17%
season
17%
Talk
17%
talk
17%
BM
16%
break
16%
frontin'
16%
kill
16%
once
16%
quit
16%
realest
16%
thinkin'
16%
D’ussé
15%
lives
15%
out
15%
per
15%
Richard
15%
tastes
15%
TED
14%
speak
13%
Obama
12%
ride
12%
Watch
12%
cool
11%
fabricate
11%
from
11%
meds
11%
paged
11%
Polo
11%
Pryor
11%
socks
11%
soul
11%
stay
11%
elaborate
10%
modest
10%
'bout
9%
fakin'
9%
mama
9%
most
9%
take
9%
y'all
9%
couch
8%
Grey
8%
blew
7%
Poupon
7%
Evian
5%
No matching quizzes found
Score Distribution
Percent of People with Each Score
Percentile by Number Answered
Your Score History
You have not taken this quiz